000 00626ntaaa2200205 4500
003 01
005 20251027201006.0
008 0714s1973 ag 01
040 _aAR-BaBN
_bspa
_cAR-BaBN
_eaacr
_dRIC
082 _a230.098 N92c
100 _aNuñez, Emilio Antonio C.
_96952
245 _aEl Cristo de Hispanoamérica /
_cEmilio Antonio C. Nuñez
250 _a1 ed.
260 _aGuatemala :
_bSeminario Teologico Centroamericano,
_c1979
300 _a88 p. ;
_c22 cm.
500 _aContiene notas y referencias bibliográficas
650 _aTeología de la Liberación
650 _aTeología Latinoamericana
942 _cBK
999 _c3955
_d3955